00577nam a2200181 a 450000100060000000300090000600800410001502000150005604000280007108200200009910000160011924500240013526000250015930000100018450501570019465000210035165000230037222732CO-ViMGA141112s2004 ck r 000 u spa d a8420667285 aCO-ViMGAbspacCO-ViMGA04aMEVIGAEMP D145h1 aDahl Svend10aHistoria del libro aEspaña : bAlianza a319p. aLa antiguedad, La edad media, Fin de la edad media siglo XVI, El siglo XVII, El siglo XVIII, El siglo XIX y comienzos del XX, La epoca posterior a 191414aLIBRO - HISTORIA14aLIBROS - HISTORIA